| 000 | 00481nam a22001937a 4500 | ||
|---|---|---|---|
| 005 | 20190413114043.0 | ||
| 008 | 190413b xxu||||| |||| 00| 0 eng d | ||
| 020 |
_a9781447233602 _cRs. 399.00 |
||
| 040 | _aLoreto College | ||
| 041 | _aEnglish | ||
| 082 |
_aF _bJON |
||
| 100 | _aJones, Chris Morgan | ||
| 245 |
_aThe searcher _cChris Morgan Jones |
||
| 260 |
_aLondon _bPan Book _c2017 |
||
| 300 |
_a455 p. _b24 cm. |
||
| 650 | _aFiction | ||
| 850 | _aLCLIb | ||
| 942 | _cBK | ||
| 999 |
_c42061 _d92540 |
||